000 01580cad a22002535a 4500
001 E149013
008 091214s2009 xxk f 000 0 eng d
035 _a(Sirsi) u149013
041 0 _aeng
050 0 4 _a692.2 $2 18
110 2 _aRoyal Institution of Chartered Surveyors
_94900
245 0 0 _aTowards an energy efficient European building stock
_ban RICS status report on the implementation of Directive 2002/91 on the Energy Performance of Buildings (EPBD) in the EU member states
_h[electronic resource]
250 _a3rd ed.
260 _aLondon
_bRICS
_c2009
520 _aThird edition of a report which reviews the implementation of Directive 2002/91/EC in individual EU member states. RICS' previous research has shown that Member States faced considerable practical difficulties in implementing the provisions of the Directive. This has been due partly to the fact that the Directive deals with a very complex sector but also to several vague provisions in the actual legislation. However, the report shows that certification of buildings is up and running in the majority of Member States and an increasing number of inspectors is operating in the market.
521 2 _aAdvanced
590 _aKA
650 2 4 _aDIRECTIVE 2002/91/EC
650 2 4 _aRESIDENTIAL ENERGY PERFORMANCE CERTIFICATES
651 4 _aEurope
690 _aENVIRONMENTAL AND LAND CONSULTANCY-ENERGY-ENERGY USE-ENERGY EFFICIENCY
856 4 0 _uhttps://www.rics.org/site/scripts/download_info.aspx?downloadID=4413&fileID=5311
_zView the report free of charge at www.rics.org...
942 _n0
999 _c110335
_d110335